[Event "GER-chT U12"]
[Site "Magdeburg"]
[Date "2018.12.29"]
[Round "5.4"]
[White "Otto, Kian"]
[Black "Klein, Emil"]
[Result "1-0"]
[WhiteElo "1101"]
[BlackElo "1043"]
[PlyCount "79"]
[EventDate "2018.12.27"]
[EventType "team-swiss"]
[EventRounds "7"]
[EventCountry "GER"]
[SourceTitle "CBM 188 Extra"]
[Source "ChessBase"]
[SourceDate "2019.02.26"]
[SourceVersion "1"]
[SourceVersionDate "2019.02.26"]
[SourceQuality "1"]
[WhiteTeam "Muldental Wilkau Hasslau"]
[BlackTeam "Eilendorf Arminia"]
[WhiteTeamCountry "GER"]
[BlackTeamCountry "GER"]

1. e4 e5 2. Nf3 Nc6 3. Bc4 Bc5 4. Nc3 Nf6 5. d3 d6 6. Bg5 Bg4 7. h3 Bh5 8. g4 Bg6 9. Qd2 h6 10. Bh4 Bb4 11. 0-0-0 Nd4 12. Nh2 Bxc3 13. bxc3 Nc6 14. Rhg1 Qe7 15. Nf3 0-0-0 16. Bd5 Kd7 17. Kb1 Rb8 18. Qc1 Nd8 19. Qa3 c6 20. Bb3 Bh7 21. g5 hxg5 22. Bxg5 Ne6 23. Bxf6 Qxf6 24. Nd2 Nf4 25. Rh1 Ne2 26. Kb2 Qxf2 27. Nc4 Qf6 28. Rhf1 Qe7 29. Ne3 g6 30. Rxf7 Qxf7 31. Bxf7 Rhf8 32. Bb3 Rf3 33. Nc4 Rf6 34. Qxa7 Rff8 35. Qa3 c5 36. Qa4+ b5 37. Qa7+ Kc8 38. Nxd6+ Kd8 39. Be6 Nxc3 40. Qd7# 1-0

[Event "GER-chT U12"]
[Site "Magdeburg"]
[Date "2018.12.28"]
[Round "3.4"]
[White "Otto, Kian"]
[Black "Ruppel, Felix"]
[Result "1-0"]
[WhiteElo "1101"]
[BlackElo "1004"]
[PlyCount "51"]
[EventDate "2018.12.27"]
[EventType "team-swiss"]
[EventRounds "7"]
[EventCountry "GER"]
[SourceTitle "CBM 188 Extra"]
[Source "ChessBase"]
[SourceDate "2019.02.26"]
[SourceVersion "1"]
[SourceVersionDate "2019.02.26"]
[SourceQuality "1"]
[WhiteTeam "Muldental Wilkau Hasslau"]
[BlackTeam "Neuberg"]
[WhiteTeamCountry "GER"]
[BlackTeamCountry "GER"]

1. e4 e5 2. Nf3 Nc6 3. Bc4 Bc5 4. d3 Nf6 5. Bg5 h6 6. Bh4 g5 7. Bg3 d6 8. Nc3 Bg4 9. h3 Bh5 10. Qd2 Qe7 11. Bb5 0-0 12. Bxc6 bxc6 13. 0-0-0 Bxf3 14. gxf3 d5 15. Kb1 d4 16. Ne2 Bb4 17. c3 dxc3 18. Nxc3 Qd6 19. h4 Nh7 20. Rc1 Rfd8 21. Rcd1 Rd7 22. hxg5 hxg5 23. Ka1 Rad8 24. Rxh7 Kxh7 25. Qxg5 Bxc3 26. Rh1+ 1-0

[Event "GER-chT U12"]
[Site "Magdeburg"]
[Date "2018.12.27"]
[Round "1.4"]
[White "Lerchl, Justus"]
[Black "Otto, Kian"]
[Result "0-1"]
[WhiteElo "1500"]
[BlackElo "1101"]
[PlyCount "84"]
[EventDate "2018.12.27"]
[EventType "team-swiss"]
[EventRounds "7"]
[EventCountry "GER"]
[SourceTitle "CBM 188 Extra"]
[Source "ChessBase"]
[SourceDate "2019.02.26"]
[SourceVersion "1"]
[SourceVersionDate "2019.02.26"]
[SourceQuality "1"]
[WhiteTeam "Vaterstetten"]
[BlackTeam "Muldental Wilkau Hasslau"]
[WhiteTeamCountry "GER"]
[BlackTeamCountry "GER"]

1. e4 c5 2. d4 cxd4 3. c3 dxc3 4. Nxc3 d6 5. Bc4 Nc6 6. Nf3 Bg4 7. 0-0 g6 8. h3 Bxf3 9. Qxf3 Nf6 10. Rd1 Bg7 11. Bf4 0-0 12. e5 Nh5 13. exd6 Nxf4 14. Qxf4 Qd7 15. Rd2 Be5 16. dxe7 Qxe7 17. Qg4 Bg7 18. Rd7 Qf6 19. Rb1 Ne5 20. Ne4 Qc6 21. Bd5 Qxd7 22. Qxd7 Nxd7 23. Bxb7 Rad8 24. Rc1 Nb6 25. Ng5 Bxb2 26. Rb1 Be5 27. g3 Rd2 28. Ra1 Bxa1 29. a3 Rfd8 30. h4 R8d3 31. a4 Bd4 32. a5 Rxf2 33. Bf3 Rc3 34. Bg2 Rcc2 35. axb6 axb6 36. Kh2 Rxg2+ 37. Kh3 f5 38. Nf3 Rgf2 39. h5 Rxf3 40. h6 Rff2 41. Kh4 Bf6+ 42. Kh3 Rh2# 0-1